| 000 | 00649nam a22002057a 4500 | ||
|---|---|---|---|
| 999 |
_c18460 _d18460 |
||
| 003 | AR-CdUCM | ||
| 008 | 190514b ||||| |||| 00| 0 spa d | ||
| 040 |
_aMUNICIPALIDAD PROVINCIAL DEL CUSCO _cBIBLIOTECA MUNICIPAL DEL CUSCO |
||
| 082 |
_22ed. _a863 / _bC29 |
||
| 100 |
_aCaster, Emilio _939066 |
||
| 245 | _aLa hermana de la caridad / | ||
| 260 |
_aBuenos Aires : _bSopena Argentina, _c1946. |
||
| 300 |
_a198 páginas ; _c24 cm. |
||
| 440 |
_aBiblioteca mundial sopena ; _910296 |
||
| 505 | _aContenido: Novela | ||
| 650 |
_aLiteratura Argentina _984 |
||
| 650 |
_aNovelas argentinas _99625 |
||
| 942 |
_2ddc _cLIBROS |
||
| 945 |
_aacv _d2019-05-14 |
||